000 00577nam a2200229Ia 4500
003 OSt
005 20220924153340.0
006 a|||||r|||| 00| 0
007 ta
008 220923b |||||||| |||| 00| 0 per d
024 _a348044
037 _cTextual
040 _aARTS
_cARTS
_bper
041 _2per
_aper
082 _aO164, K2
100 _aJalal Shaikh Au.
_9228613
245 0 _aRisala tehqeeq arazi hind
260 _c1962
650 _aPERSIAN LITERATURE
_9309
942 _hO164, K2
_cTEXL
_2CC
999 _c473270
_d473270